000 01250nam a22003737a 4500
003 OSt
005 20230503091421.0
008 221006b |||||||| |||| 00| 0 eng d
040 _cBiblioteca Lado V
082 _a779.943.4
_bO48e
100 _9294
_aOlivares, Rosa
_eeditor
245 _aExit/
260 _bOlivares y Asociados S.L.
_aEspaña
_c2007
300 _c21x26cm
_a198p.
366 _espa
490 _a28
_v2007
505 _tEditorial.
505 _tDe especimenes a sex-symbols
505 _tFlores explosivas y otras cuestiones
505 _tTeatro Floral
505 _tFlores inmortales?
505 _tObsesion Botanica
505 _tEl lenguaje de las flores
505 _tBananna Kisses and Frozen Margaritas
505 _tIndice de artistas
650 _2Tesauro de Arte & Arquitectura
_aARTE
_9703
650 _2Tesauro de Arte & Arquitectura
_aEXPOSICIONES
650 _2Tesauro de Arte & Arquitectura
_aCULTURA
650 _2Tesauro de Arte & Arquitectura
_aAPRECIACION
650 _2Tesauro de Arte & Arquitectura
_aTEORIA
650 _2Tesauro de Arte & Arquitectura
_aLITERATURA
650 _2Tesauro de Arte & Arquitectura
_aESPAÑA
942 _2ddc
_c1
_h779.943.4
_iO48e
_n0
999 _c3511
_d3511